| 000 | 01428nam a22002775i 4500 | ||
|---|---|---|---|
| 001 | 165259 | ||
| 003 | ES-MaACL | ||
| 005 | 20230906213111.0 | ||
| 008 | 000112m18981899sp a |||| | spa d | ||
| 040 |
_aCCPB | B _bspa _cCCPB | B |
||
| 100 | 1 |
_aSerrano y Morales, José Enrique. _9132673 |
|
| 245 | 1 | 0 |
_aReseña histórica en forma de diccionario de las imprentas que han existido en Valencia _b: desde la introduccion del arte tipográfico en España hasta el año 1868 : con noticias bio-bibliográficas de los principales impresores / _cpor José Enrique Serrano y Morales. |
| 260 |
_aValencia : _b[s.n.], _c1898-99 ( _fImprenta de F. Domenech) |
||
| 300 |
_aXXVIII, 655, [3] p. : _bil. ; _c29 cm. |
||
| 500 | _aObra premiada por el Ayuntamiento de Valencia en los Juegos Florales celebrados por la Sociedad "Lo Rat-Penat" en el año 1893. | ||
| 530 | _aDisponible en formato digital. | ||
| 594 | _aTít. en antep.: "Diccionario de impresores valencianos" | ||
| 595 | _aTirada especial de cien ejemplares numerados. | ||
| 596 | _aEn port. consta la fecha, 1898-99. | ||
| 596 | _aMarca tip. en port. | ||
| 597 | _aPort. a dos tintas. | ||
| 599 | _aIl. grab. xil. intercalados en el texto. | ||
| 650 | 4 |
_aImprenta- _zValencia- _vBiobibliografías. _9161990 |
|
| 852 |
_aES-MaACL _jB-3395 _z-- Enc. pasta española |
||
| 856 |
_uhttp://bdh-rd.bne.es/viewer.vm?id=0000147787&page=1 _zBiblioteca Digital Hispánica |
||
| 999 |
_c165259 _d165259 |
||